Statistics for Mystery Movie Monologue #15

Click here to take the quiz!

General Stats

  • This quiz has been taken 121 times
  • The average score is 175 of 327

Answer Stats

Answer% Correct
I?
99%
I
99%
I'm
99%
a
92%
the
92%
who
90%
you.
90%
you!
90%
you
90%
you,
90%
You'd
90%
You're
90%
you're
90%
You've
90%
you've
90%
do
86%
to
83%
is!
82%
is
82%
...where
82%
where
82%
he
81%
me
80%
me.
80%
me!
80%
and
77%
And
77%
It
77%
it,
77%
it's
77%
not
77%
Not
77%
have
76%
so
76%
So,
76%
that,
75%
that
75%
what
75%
Then
73%
then?
73%
for
71%
in
70%
on
69%
Are
65%
are
65%
your
64%
can
63%
of
63%
But,
61%
But
61%
know
61%
would
61%
wouldn't
61%
was
60%
my
58%
won't
58%
All
56%
by
56%
could
56%
like
52%
man
52%
as
51%
As
51%
from
51%
them,
51%
think
51%
his
50%
Now,
50%
now.
50%
or
50%
with
48%
get
46%
just
45%
going!
42%
has
40%
because
37%
Because
37%
only
33%
make
32%
must
32%
sort
30%
Yes!
30%
into
29%
made
29%
put
27%
everything
26%
front
25%
given.
25%
given
25%
people
25%
choose
24%
known
24%
something.
24%
work.
24%
decision
23%
far
23%
great
23%
simple.
23%
also
21%
knows,
21%
save
21%
which
21%
away!
20%
away
20%
choice.
20%
everyone
20%
fool
20%
fool;
20%
fool,
20%
own
20%
trust
20%
Wait
20%
clearly
19%
strong...
19%
Truly,
19%
trying
19%
yourself
19%
possible,
18%
reach
18%
strength
18%
giving
17%
means
17%
poison
17%
'till
17%
worked!
17%
Australia.
15%
Australia
15%
Australia!
15%
beaten
15%
bested
15%
clever
15%
comes
15%
counted
15%
criminals.
15%
criminals
15%
divine
15%
dizzying
15%
enemy's?
15%
giant,
15%
goblet,
15%
goblet
15%
having
15%
intellect.
15%
learned
15%
mortal
15%
remotely!
15%
Spaniard,
15%
stalling
15%
studied...
15%
studying
15%
trick
15%
trusted
15%
used
15%
wine
15%
entirely
14%
exceptionally
14%
Iocaine
14%
origin,
14%
peopled
14%
powder's
14%
suspected
14%
trusting
14%

Score Distribution

Percentile by Number Answered

Percent of People with Each Score

Your Score History

You have not taken this quiz